000 00823cab a2200289 4500
001 ABS56991
008 090401t1997 xxu||||| |||| 00| 0 eng d
035 _a(Sirsi) u98353
041 _aeng
100 _aCrathorne, R.
245 _aHistoric cases of highway robbery
260 _c1997
350 _a0
490 _aProperty Week
_v59(5) 2 May 1997, 24(1)
520 _aThe author explains how the public can go about reestablishing rights of way, despite generations of non-use.
650 _aHIGHWAYS
650 _aHISTORIC RIGHT
650 _aLOCAL AUTHORITIES
650 _aMODIFICATION ORDER
650 _aPRIVATE LAND
650 _aPUBLIC ACCESS
650 _aPUBLIC INQUIRY
650 _aRIGHTS OF WAY
690 _aHIGHWAYS RIGHTS OF WAY AND EASEMENTS
942 _n0
948 _c20/05/1997
999 _c59757
_d59757